[Event "POL-ch 60th"]
[Site "Warsaw"]
[Date "2003.04.28"]
[Round "7"]
[White "Bartel, Mateusz"]
[Black "Urban, Klaudiusz"]
[Result "1-0"]
[WhiteElo "2443"]
[BlackElo "2451"]
[Annotator "Huzman,A"]
[PlyCount "73"]
[EventDate "2003.04.22"]
[EventType "tourn"]
[EventRounds "13"]
[EventCountry "POL"]
[EventCategory "12"]
[SourceTitle "CBM 095"]
[Source "ChessBase"]
[SourceDate "2003.07.25"]
[SourceVersion "1"]
[SourceVersionDate "2003.07.25"]
[SourceQuality "1"]

1. e4 {Konikowski} e5 2. Nf3 Nf6 3. Nxe5 d6 4. Nf3 Nxe4 5. Nc3 Nf6 6. d4 Be7 7.
Bd3 O-O 8. h3 c6 (8... Re8 {Konikowski} 9. O-O Nbd7 10. Re1 Nf8 11. Bf4 Ng6 12.
Bh2 a6 13. a4 d5 14. Ne5 c6 15. Ne2 Ne4 16. c3 a5 17. Qc2 Bd6 18. f3 Ng5 19.
Kh1 Nf8 20. Ng3 f6 21. Ng4 Bxg4 22. hxg4 Qc7 $132 {Landa,K-David,A/
Clermont-Ferrand FRA 2003/}) 9. O-O Re8 10. Re1 Nbd7 11. Ne2 Bf8 (11... d5 12.
Ng3 Nf8 13. Ne5 $16) 12. c4 (12. Ng3 {Konikowski} Rxe1+ 13. Qxe1 d5 14. Bg5 h6
15. Bf4 $14) 12... a6 {'?' Konikowski.} (12... d5 $5 $13 {Konikowski}) 13. Qc2
b5 14. Ng5 g6 15. Bd2 Bg7 (15... Bb7 16. b4 {[%csl Rb7][%cal Gc4c5]} c5 17.
cxb5 axb5 18. bxc5 dxc5 19. Bxb5 h6 20. Bc4 $1 hxg5 21. Qxg6+ Kh8 22. Bxf7 Re7
23. Bxg5 $40) 16. Nf4 Nf8 (16... Bb7 $5 17. b4 $1 (17. Qb3 h6 18. Nf3 Rxe1+ 19.
Rxe1 g5 20. Ne2 c5 $132) 17... h6 $140 18. Nxf7 $1 Rxe1+ 19. Rxe1 Kxf7 20.
Bxg6+ Kg8 21. Ne6 Qc8 (21... Qe7 22. Nc5 Qxe1+ 23. Bxe1 dxc5 24. dxc5 Rd8 25.
cxb5 axb5 26. Bc3 $16) 22. Bh7+ $1 Nxh7 23. Qg6 Qf8 24. Nxf8 Nhxf8 25. Qxd6
bxc4 26. Re7 $18) 17. cxb5 cxb5 18. Qc6 Ra7 (18... Rxe1+ 19. Rxe1 Ra7 20. Rc1
Bb7 21. Qc7 $16) 19. Rxe8 Nxe8 20. Re1 Bd7 (20... Nf6 21. Rc1 $16) (20... Nc7
$1 21. Ne4 (21. Nf3 Nce6 22. Nxe6 Nxe6 $11) 21... Bxd4 22. Qxd6 (22. Nxd6 Bd7
23. Qf3 Be6 $132) 22... Qxd6 23. Nxd6 Be6 24. Be4 $36) 21. Nxf7 $1 {[%mdl 64]}
Qf6 (21... Kxf7 22. Qd5+ Kf6 23. Nh5+ gxh5 24. Bg5#) 22. Qb6 Qxd4 23. Nh6+ $1
Kh8 24. Qb8 $1 Qxb2 25. Be3 $1 Rc7 26. Nd5 Rc8 $2 (26... Rc3 27. Nxc3 Qxc3 28.
Rd1 $16) 27. Ne7 $1 $18 Be6 (27... Bxh6 28. Nxc8 Bg7 29. Nb6 $18) (27... Qf6
28. Nxc8 Qc3 29. Rc1 Qxd3 30. Nxd6 Nxd6 31. Qxd6 $18) 28. Qxc8 Bxh6 29. Qxe8
Bd7 30. Qd8 Bg7 31. Qb6 Qe5 32. Bd2 Qb2 33. Qa5 Qd4 34. Be4 Be6 35. Nc6 Qb2 36.
Qb4 Qxa2 37. Bc3 1-0

[Event "Ciocaltea Memorial"]
[Site "Bucharest"]
[Date "2001.03.06"]
[Round "3"]
[White "Vajda, Levente"]
[Black "Iordachescu, Viorel"]
[Result "1-0"]
[WhiteElo "2454"]
[BlackElo "2578"]
[Annotator "Huzman,A"]
[PlyCount "101"]
[EventDate "2001.03.04"]
[EventType "tourn"]
[EventRounds "11"]
[EventCountry "ROU"]
[EventCategory "12"]
[SourceTitle "CBM 082"]
[Source "ChessBase"]
[SourceDate "2001.05.17"]
[SourceVersion "1"]
[SourceVersionDate "2001.05.17"]
[SourceQuality "1"]

1. e4 e5 2. Nf3 Nf6 3. Nxe5 d6 4. Nf3 Nxe4 5. c4 Be7 6. Nc3 Ng5 7. d4 O-O 8.
Be2 Nc6 9. O-O Re8 10. Be3 Bf5 (10... Nxf3+ 11. Bxf3 Bg5 12. Bxg5 Qxg5 13. Nd5
Qd8 14. Qd2 Be6 15. Ne3 $14) 11. Nd5 Nxf3+ 12. Bxf3 Bf6 (12... Bf8 13. Qd2 Be4
14. Bxe4 Rxe4 15. Rfe1 Qd7 $14) 13. Re1 Be4 14. Bxe4 Rxe4 15. Qf3 Re6 16. Red1
Qd7 (16... a5 $5) 17. Qh3 $1 Bd8 (17... Nb8 18. Re1 c6 19. Nxf6+ Rxf6 20. Bg5
Re6 21. d5 cxd5 22. cxd5 Re5 23. Qg3 $1 $16) (17... Rd8 18. b4 a6 19. a4 $36
Ne7 $140 20. Nf4 Re4 21. Qf3 Qf5 22. g4 $16) 18. b4 Qe8 (18... Nb8 $5 19. Nf4
Re8 20. Qg3 (20. Qf3 Qc6) 20... c6 21. d5 (21. Nh5 g6 22. d5 Qf5 23. Nf4 Bf6
24. Rac1 Bb2 25. Rb1 Be5 $132) 21... Bf6 22. Rac1 Be5 23. Qf3 $14) 19. Qf3 $1
a6 20. a4 {[%mdl 36]} h6 21. h4 Rc8 (21... Nb8 $142 22. Re1 Nd7 23. g3 c6 24.
Nf4 Re4 25. Bd2 Nf6 $11) 22. g3 Nb8 23. Re1 Nd7 24. Bd2 Nf6 (24... c6 25. Nf4
Rxe1+ (25... Re7 26. Qg4 $1 Rb8 27. Rxe7 Bxe7 28. Nh5 $16) 26. Rxe1 Qf8 27. Qg4
Rc7 28. Nh5 g6 29. c5 $1 $16) (24... Nb6 $5 25. Nxb6 cxb6 26. d5 Rxe1+ 27. Rxe1
Qd7 28. Re4 $36 b5 $140 29. cxb5 axb5 30. axb5 Qxb5 31. Bxh6 $18) 25. Rxe6 Qxe6
(25... fxe6 26. Nf4 c6 27. Re1 e5 28. dxe5 dxe5 29. Bc3 Bc7 30. Nd3 Nd7 (30...
e4 31. Qf5 $16) 31. Qf5 $18) 26. Re1 Qd7 27. Nxf6+ Bxf6 28. Qxb7 Bxd4 29. Re4
$1 Be5 30. Qxa6 $16 Rf8 (30... f5 $5 31. Re2 f4 32. Qb7 fxg3 (32... Qg4 33. Qe4
h5 34. a5 $16) 33. Qd5+ Qf7 34. fxg3 Bxg3 35. Qxf7+ Kxf7 36. h5 $14 {/+/-}) 31.
Re1 Bd4 32. Qb5 (32. Qa5 $1 c6 33. b5 $16) 32... c6 33. Qh5 $2 (33. Qa6 $16)
33... Qa7 $1 34. Kg2 Bxf2 $6 (34... Qxa4 35. Qg4 c5 $1 36. Bxh6 Qxb4 $11) 35.
Re2 Bd4 36. a5 $14 Be5 37. Qf3 Qa6 38. Qd3 {[%cal Gb4b5]} Rb8 39. Re1 Qb7 (
39... Qa8 $142 40. Kh2 (40. Qf3 Qa6 41. Re4 $14) (40. Kg1 Qa7+ 41. Be3 c5 $132)
40... Qa7 41. c5 Qc7 42. Bc3 Rd8 43. a6 Bxc3 44. Qxc3 dxc5 45. bxc5 $14) 40. c5
$1 f6 $2 (40... Qc7 41. cxd6 Bxd6 (41... Qxd6 42. Qxd6 Bxd6 43. a6 Ra8 44. Ra1
Kf8 45. Kf3) 42. Bc3 $36) 41. a6 Qf7 42. cxd6 Rd8 43. Be3 Rxd6 44. Qe2 Rd8 45.
a7 $16 Qb3 46. Rd1 $1 Ra8 47. Rd7 $18 c5 (47... Qc3 48. Bf2 Qxb4 49. Qd3 Qf8
50. Bb6 $18 {[%cal Gd7d8]}) 48. bxc5 Qa4 49. c6 $1 Qxc6+ 50. Qf3 Qc8 (50...
Qxf3+ 51. Kxf3 $18 {[%cal Gf3b7]}) 51. Bb6 {[%cal Gd7d8]} 1-0

[Event "Ciocaltea Memorial"]
[Site "Bucharest"]
[Date "2001.03.09"]
[Round "6"]
[White "Brodsky, Michail"]
[Black "Iordachescu, Viorel"]
[Result "1-0"]
[WhiteElo "2527"]
[BlackElo "2578"]
[Annotator "Huzman,A"]
[PlyCount "85"]
[EventDate "2001.03.04"]
[EventType "tourn"]
[EventRounds "11"]
[EventCountry "ROU"]
[EventCategory "12"]
[SourceTitle "CBM 082"]
[Source "ChessBase"]
[SourceDate "2001.05.17"]
[SourceVersion "1"]
[SourceVersionDate "2001.05.17"]
[SourceQuality "1"]

1. e4 e5 2. Nf3 Nf6 3. Nxe5 d6 4. Nf3 Nxe4 5. d4 d5 6. Bd3 Nc6 7. O-O Be7 8. c4
Nb4 9. Be2 O-O 10. Nc3 Be6 11. Ne5 f6 12. Nf3 Kh8 13. Re1 c5 14. cxd5 Nxc3 15.
bxc3 Nxd5 16. c4 (16. Qb3 cxd4 (16... Qd7 17. Bb5 Qc8 18. c4 Nc7 19. d5 $18) (
16... Nf4 $140 $2 17. Qb2 Nxe2+ 18. Qxe2 $18) (16... b6 17. c4 Nb4 18. a3 Na6
19. d5 $36) 17. Bc4 (17. Nxd4 Bg8 18. Qxb7 Nxc3 19. Bf3 Qxd4 20. Qxe7 Rae8 21.
Be3 Ne2+ 22. Bxe2 Qxa1 23. Qxg7+ Kxg7 24. Rxa1 Re5 $15) 17... Bg8 18. Qxb7 Rc8
19. Bxd5 Rc7 20. Qa6 Bxd5 21. Nxd4 Rxc3 22. Ne6 $11) 16... Nc3 17. Qd3 cxd4 18.
Bf1 (18. Nxd4 Nxe2+ 19. Rxe2 Bf7 $15) 18... Bg8 (18... Bf7 $142 19. Nxd4 Bc5
20. Be3 Na4 $15) 19. Nxd4 Bc5 20. Be3 Na4 21. Rab1 b6 $2 (21... Re8 22. Red1
Nb6 23. Qf5 Qc8 $11 {/=/+}) 22. Red1 Qe8 23. Qc2 Rd8 (23... Rc8 24. Nb5 Bxe3
25. Nd6 Qe5 (25... Bxf2+ 26. Qxf2 Qc6 27. Nxc8 Rxc8 28. Rd4) 26. Qxa4 (26. Nxc8
Nc3 27. Nxa7 Nxb1 28. Rxb1 Bc5 $44) 26... Rcd8 27. fxe3 Rxd6 28. Rxd6 Qxd6 29.
Qxa7 $16) 24. Rb5 f5 (24... a6 $5 25. Rbb1 Bf7 $132) 25. g3 (25. Qxa4 $2 f4 26.
Ne6 Rxd1 27. Qxd1 (27. Bxc5 Rxf1+ 28. Kxf1 Qxe6 29. Bxf8 Qxc4+ 30. Qxc4 Bxc4+
31. Ke1 Bxb5 32. Bd6 $11) 27... fxe3 28. Nxf8 exf2+ 29. Kh1 Qxf8 $17) 25... f4
26. gxf4 a6 27. Rbb1 Bxd4 28. Rxd4 Rxd4 29. Bxd4 Rxf4 30. Rd1 Rg4+ 31. Bg2 Qc6
32. f4 Nc5 $2 (32... Bxc4 33. Be5 $18) (32... Qxc4 $1 33. Qxc4 Bxc4 34. h3 Rg3
(34... Rxf4 35. Be5 Rf8 36. Rd7 $44) (34... Rg6 35. Be5 $44) 35. Be5 Rd3 36.
Rxd3 Bxd3 37. Kf2 $15) 33. h3 Rg6 (33... Rg3 34. Kh2 Qg6 35. Qxg6 Rxg6 36. Bxc5
bxc5 37. Rd8 $18) 34. f5 Rg5 (34... Rg3 35. Be5 Rg5 36. Bf4 $18) 35. Be3 Qf6
36. Bxg5 Qxg5 37. Kh1 h6 38. Rf1 Qh4 39. f6 gxf6 40. Qg6 Nd7 41. Qf5 Qd4 42.
Bd5 Bh7 43. Qe6 1-0

[Event "Ashdod"]
[Site "Ashdod"]
[Date "2004.12.10"]
[Round "1"]
[White "Kaidanov, Gregory S"]
[Black "Rozentalis, Eduardas"]
[Result "0-1"]
[WhiteElo "2611"]
[BlackElo "2595"]
[Annotator "Huzman,A"]
[PlyCount "78"]
[EventDate "2004.12.10"]
[EventType "tourn"]
[EventRounds "5"]
[EventCountry "ISR"]
[EventCategory "16"]
[SourceTitle "CBM 105"]
[Source "ChessBase"]
[SourceDate "2005.04.11"]
[SourceVersion "1"]
[SourceVersionDate "2005.04.11"]
[SourceQuality "1"]

1. e4 e5 2. Nf3 Nf6 3. Nxe5 d6 4. Nf3 Nxe4 5. d4 d5 6. Bd3 Be7 7. O-O Nc6 8.
Re1 Nf6 9. Bg5 O-O 10. c3 (10. Nbd2 Bg4 (10... Be6 11. c3 Qd7 12. Ne5 Nxe5 13.
dxe5 Ne8 14. Qh5 g6 15. Qh4 Bxg5 16. Qxg5 f6 17. exf6 Nxf6 18. Bxg6 hxg6 19.
Qxg6+ $16 {1/2-1/2 Ceming,B-Auburger,P/Bayern 2002/EXT 2003 (59)}) (10... a6
11. c3 b6 12. Nf1 Be6 13. Bc2 Ne8 14. Qd3 g6 15. Bh6 Ng7 16. Ng3 $14 {1-0
Rangarajan,S-Martinez Perez,J/Oropesa del Mar 1999/CBM 72 ext (28). 1-0
Fernandez,C-Crespo Arce,M/Asturias 1997/EXT 2001 (52)}) 11. c3 Re8 (11... Nh5
12. Bxe7 Nxe7 13. Bxh7+ Kxh7 14. Ng5+ $18 {1-0 Hunhoff,S-Musholt,J/
Muensterland 2003/EXT 2004 (49)}) (11... h6 12. Bh4 (12. Bxf6 Bxf6 13. Qb3 b6
14. h3 Be6 15. Nf1 Na5 16. Qc2 c5 $11 {1/2-1/2 Van Parreren,H-Cardoso,R/Luzern
1982/EXT 2000 (57)}) 12... Nh5 (12... g5 13. Bg3 Ne8 14. Qc2 Ng7 15. Ne5 Nxe5
16. Bxe5 $16 {1-0 Lopez Ortiz,J-Saldain,B/Villa Carlos Paz 2004/CBM 102 ext 
(67)}) 13. Bxe7 Nxe7 14. h3 Nf4 15. Bc2 Bf5 16. Nf1 Bxc2 17. Qxc2 Neg6 $11 {
0-1 Lavrov,M-Bogdanovich,S/Kharkov 2003/CBM 92 ext (49)}) 12. Qc2 h6 13. Bh4
Be6 (13... g5 14. Bg3 Qd7 15. Ne5 Nxe5 16. Bxe5 Rf8 17. h3 Be6 18. Nf1 $16 {
1-0 Sika,T-Mlodzik,V/Brno 1907/EXT 2000 (24)}) (13... Nh5 14. Bxe7 Rxe7 15.
Bh7+ Kf8 16. Ne5 Nxe5 17. dxe5 Qe8 18. Bf5 Bxf5 19. Qxf5 g6 20. Qg4 Rxe5 21.
Rxe5 Qxe5 22. Qb4+ Kg8 23. Nf3 Qe4 24. Qxb7 Re8 $132 {1/2-1/2 Kouvatsou,
M-Pandavos,E/Ikaria 1997/EXT 2003 (73)}) 14. Bf5 Bxf5 15. Qxf5 Qc8 16. Qd3 Qd7
17. Re2 Nh5 $11 {1/2-1/2 Savic,M-Barasiant,M/Cannes 1997/EXT 2000 (29)}) (10.
h3 Be6 (10... h6 11. Bh4 Nb4 12. Nc3 (12. Bf1 Bf5 13. Na3 Re8 14. c3 Nc6 15.
Nc2 Ne4 $11 {1-0 Fragakis,S-Patsourakis,A/Hania 2000/EXT 2004 (43)}) 12... c6
13. Ne5 Be6 14. Ng6 fxg6 15. Rxe6 g5 16. Bg3 Nxd3 17. Qxd3 Qd7 18. Re2 Nh5 $11
{1-0 Sleisz,T-Bagyanszky,A/Budapest 1994/EXT 99 (30)}) 11. Nc3 Qd7 12. Qd2 Rad8
13. Qf4 h6 14. Bh4 {1/2-1/2 Dinger,S-Shikha,A/Dubai UAE 2004/(14)}) 10... h6
11. Bh4 Nh5 12. Bxe7 Nxe7 13. Nbd2 (13. Qd2 $5 {[%csl Rf4]}) 13... Nf4 14. Bc2
Bg4 $132 15. Nf1 Neg6 16. Ne3 Qd7 17. h3 Be6 18. h4 $6 Bg4 19. g3 Nh3+ 20. Kg2
f5 $1 21. Rh1 $6 {After this passive move Black has time for a strong attack.}
({White had to check how Black will develop his initiative after the accepting
pawn sacrifice.} 21. Nxd5 Rae8 (21... f4 22. Bxg6 fxg3 23. Ne7+ Kh8 24. Ne5 $18
) (21... Kh8 22. Ne3 Qc6 23. Nxg4 (23. d5 Qd6 $44) 23... fxg4 24. Be4 Qd7 $40)
22. Bb3 Kh8 23. Ne3 Bh5 $13 {[%cal Yf5f4]}) 21... Rae8 22. Nf1 $2 Nxh4+ $1 {
[%mdl 512]} 23. gxh4 Nf4+ 24. Kg1 (24. Kh2 Re2 $19) 24... Ne2+ 25. Kg2 Nf4+ 26.
Kg1 Re2 $19 {[%mdl 128]} 27. Qc1 (27. N1d2 Qd6 {/\28...Rd2} 28. h5 Bxh5 (28...
Rxd2 29. Qxd2 Bxf3 30. Rh4 g5 31. Rxf4 gxf4 32. Bd1 Bg4 $17) 29. Nh4 (29. Rxh5
Qg6+ 30. Rg5 hxg5 $19) 29... Qf6 30. Rh2 Qg5+ 31. Kf1 Rxf2+ 32. Kxf2 Bxd1 33.
Rxd1 Re8 $19) 27... Bxf3 28. Qxf4 Bxh1 29. Bd3 (29. Bd1 Re1 30. Ba4 Qe7 $19)
29... Re4 $1 30. Bxe4 fxe4 31. Qh2 Bf3 32. Ne3 Rf6 33. Qg3 Kh7 34. Kh2 Bh5 35.
Rg1 Rf3 36. Qg2 Qd6+ 37. Kh1 Qf6 38. Rf1 Qxh4+ 39. Kg1 Rf6 (39... Rf6 40. Qh1
Rg6+ 41. Ng2 Bf3 $1 42. Qxh4 Rxg2+ 43. Kh1 Rg4+ $19) 0-1

[Event "Ciocaltea Memorial"]
[Site "Bucharest"]
[Date "2001.03.06"]
[Round "3"]
[White "Nisipeanu, Liviu Dieter"]
[Black "Motylev, Alexander"]
[Result "1/2-1/2"]
[WhiteElo "2596"]
[BlackElo "2570"]
[Annotator "Huzman,A"]
[PlyCount "47"]
[EventDate "2001.03.04"]
[EventType "tourn"]
[EventRounds "11"]
[EventCountry "ROU"]
[EventCategory "12"]
[SourceTitle "CBM 082"]
[Source "ChessBase"]
[SourceDate "2001.05.17"]
[SourceVersion "1"]
[SourceVersionDate "2001.05.17"]
[SourceQuality "1"]

1. e4 e5 2. Nf3 Nf6 3. Nxe5 d6 4. Nf3 Nxe4 5. c4 Be7 6. Nc3 Ng5 7. Be2 O-O 8.
O-O Nc6 9. d4 Re8 (9... Nxf3+ 10. Bxf3 Bf6 11. Ne2 Bf5 12. Be3 Re8 13. Ng3 Bg6
14. Qd2 a5 15. Rac1 h6 16. Rc3 $11 {Kuzmin,G-Yusupov,A/Yerevan 1982 (16)}) 10.
Nd5 {[%mdl 36] This plan with penetration Nd5 gives White small but
comfortable advantage.} Nxf3+ (10... Bg4 11. Nxg5 (11. Be3 Nxf3+ 12. Bxf3 Bxf3
13. Qxf3 $14) 11... Bxe2 12. Nxf7 Bxd1 13. Nxd8 Bxd8 14. Rxd1 Nxd4 15. Kf1 Nf5
$11) 11. Bxf3 Bf6 12. Be3 (12. Nxf6+ Qxf6 13. Be3 Bf5 $11 {[%cal Yf5e4]}) 12...
Bf5 13. b4 a6 14. a4 h6 15. Qd2 (15. b5 Na5 16. Rc1 axb5 17. cxb5 c6 $11) 15...
Be4 16. Bxe4 Rxe4 17. Qd3 Re8 18. Rae1 {/\19.Bh6 Re1 20.Re1 gh 21.Re8!+-} (18.
b5 Nb8) 18... a5 19. b5 $2 (19. Bxh6 $1 Rxe1 20. Rxe1 gxh6 (20... Bxd4 21. b5
Qh4 22. Be3 Bxe3 23. Qxe3 Ne5 24. Qe4 (24. c5 $5 Re8 25. Rc1 $36 dxc5 $140 26.
Nxc7 Re7 27. Nd5 Re8 28. f4 Qxh2+ 29. Kxh2 Ng4+ 30. Kg1 Nxe3 31. Re1 $16) 24...
Qxe4 25. Rxe4 c6 26. Ne3 $14) (20... Nxb4 $2 21. Re8+ $1 Qxe8 22. Nxf6+ Kf8 23.
Bxg7+ Kxg7 24. Nxe8+ Rxe8 25. Qd2 $18) 21. Re8+ Qxe8 22. Nxf6+ Kg7 23. Nxe8+
Rxe8 24. Kf1 axb4 25. d5 Ne5 26. Qb3 c5 27. dxc6 Nxc6 28. Qg3+ $16) 19... Nb4
20. Nxb4 axb4 21. Qb3 Re4 $6 (21... Qb8 22. Qxb4 Qa7 23. Qc3 Re4 24. Rd1 Qa5
25. Qc2 Re7 26. Ra1 $14) 22. Rd1 $2 (22. f3 Re7 23. Bf2 $16) 22... Ra5 $1 23.
Qxb4 (23. f3 Re7 24. Bf2 Qa8 25. Ra1 Re2 $132) 23... Qa8 $11 24. b6 (24. Qc3
Rxa4 25. Bxh6 d5 $1 (25... gxh6 26. Qf3 $36) 26. cxd5 $140 gxh6 27. Qf3 Bxd4
$19) (24. b6 Rxa4 25. Qb3 c6 (25... cxb6 26. Qxb6 $11) 26. Rd2 (26. Bxh6 $5
Bxd4 27. Qg3 Be5 $17) 26... Qa5 $15) 1/2-1/2

[Event "Bundesliga 0405"]
[Site "Germany"]
[Date "2005.03.12"]
[Round "12.1"]
[White "Svidler, Peter"]
[Black "Landa, Konstantin"]
[Result "1-0"]
[WhiteElo "2735"]
[BlackElo "2571"]
[Annotator "Huzman,A"]
[PlyCount "103"]
[EventDate "2004.11.12"]
[EventType "team-tourn"]
[EventRounds "15"]
[EventCountry "GER"]
[SourceTitle "CBM 106"]
[Source "ChessBase"]
[SourceDate "2005.06.06"]
[SourceVersion "1"]
[SourceVersionDate "2005.06.06"]
[SourceQuality "1"]
[WhiteTeam "Baden Oos"]
[BlackTeam "Muelheim Nord"]
[WhiteTeamCountry "GER"]
[BlackTeamCountry "GER"]

{[%mdl 1]} 1. e4 e5 2. Nf3 Nf6 3. Nxe5 d6 4. Nf3 Nxe4 5. d4 d5 6. Bd3 Nc6 7.
O-O Be7 8. c4 Nb4 9. Be2 O-O 10. Nc3 Bf5 11. a3 Nxc3 12. bxc3 Nc6 13. Re1 Re8
14. cxd5 Qxd5 15. Bf4 Rac8 16. h3 h6 17. c4 Qe4 18. Bg3 Qc2 (18... Bf6 $5 19.
Bf1 Qc2 20. Qxc2 Bxc2 21. Rxe8+ Rxe8 22. Rc1 Ba4 (22... Be4 $5 23. d5 Bxf3 24.
gxf3 Ne5 $11) 23. d5 Ne5 24. Bxe5 (24. Nd2 $5) 24... Bxe5 25. Nxe5 Rxe5 $11 {
0-1 Naumann,A-Fridman,D/playchess INT 2005/(36)}) 19. Qxc2 $1 {Svidler managed
to prove that even in the endgame the passed d-pawn gives White a strong
initiative.} Bxc2 20. d5 Na5 21. Nd4 Ba4 (21... Bg6 22. Bg4 $18) 22. Bg4 Ra8
23. Bxc7 Nxc4 24. Rac1 $1 {Black can't blocade the pawn d5.} Nxa3 (24... b5 25.
Bd7 Bxa3 26. Bxe8 (26. Rxe8+ Rxe8 27. Rxc4 Re1+ 28. Kh2 bxc4 29. Bxa4 Bc5 30.
Nc2 Rd1 31. Bc6 Bxf2 $132 32. d6 $140 Bg1+ 33. Kg3 Rd3+ 34. Kg4 Bh2 35. Be4 h5+
$1 (35... Rd2 36. Kf3 Bxd6 37. Ba5 Rd1 $11) 36. Kh4 Bg3+ 37. Kxh5 Rd2 38. Ba5
Rxd6 $15) 26... Bxc1 27. Bc6 Bd2 28. Re2 Rf8 29. Nxb5 $18 {[%cal Gd5d8]}) 25.
d6 {[%mdl 32]} Bf6 26. Rxe8+ Bxe8 $2 ({White would have had more problems to
get advantage after} 26... Rxe8 $1 27. d7 Re4 (27... Bxd4 28. dxe8=Q+ Bxe8 29.
Bf3 b6 (29... Bb2 30. Re1 Bc6 31. Bxc6 bxc6 32. Be5 Nc2 33. Re2 Bxe5 34. Rxc2 (
34. Rxe5 $18) 34... Bd4 35. Rxc6 $18) (29... b5 30. Re1 Bd7 31. Rd1 Nc2 32. Be4
$18) (29... Nb5 30. Bxb7 Nxc7 31. Rxc7 Kf8 32. Bc6 $1 $18) 30. Bxb6 $1 axb6 31.
Rc8 $18) 28. Bb6 $1 g6 (28... Bxd7 29. Bxd7 g6 (29... Rxd4 30. Rc8+ Kh7 31.
Bxd4 Bxd4 32. Rc7 $18) (29... Bxd4 30. Rc8+ Kh7 31. Bf5+ g6 32. Bxe4 Bxb6 33.
Bxb7 $18) 30. Bc5 Rxd4 31. Bxd4 Bxd4 32. Rc7 b5 33. Be8 $16) (28... Rxg4 29.
hxg4 axb6 30. Rc8+ Kh7 31. d8=Q Bxd8 32. Rxd8 $16) 29. Rc8+ Kg7 (29... Kh7 30.
d8=Q Bxd8 31. Bxd8 $1 $18) 30. Bc5 Bxd7 31. Bxd7 Rxd4 (31... Bxd4 32. Bxa3 $18)
32. Bxd4 Bxd4 33. Rc7 b5 34. Be8 $16) 27. Bf3 $18 Bd7 28. Bxb7 Rf8 (28... Re8
29. Bc6 Bxd4 30. Bxd7 Re2 31. Bc6 Rxf2 32. d7 $18) 29. Bc6 $1 Bxc6 30. Nxc6 Nb5
31. Ba5 $1 {[%cal Gd6d7]} Nxd6 32. Bb4 Nb5 33. Bxf8 Kxf8 34. Rb1 a6 35. Nb8 Nc3
(35... Bd4 $142 36. Nxa6 Nc3 37. Rb7 Nd1 38. Rd7 $18) 36. Rb7 Kg8 37. Nd7 Bg5 (
37... Be7 38. Rb8+ Kh7 39. Nf8+ Bxf8 40. Rxf8 Kg6 41. Ra8 $18) 38. Rb8+ Kh7 39.
Nf8+ Kg8 40. Ne6+ Kh7 41. Nxg5+ hxg5 42. Ra8 Ne2+ 43. Kh2 f6 44. Rxa6 Nd4 45.
g3 Nf3+ 46. Kg2 Ne5 47. Kf1 Kg6 48. Ke2 Kf5 49. Ra7 Kg6 50. Ke3 Nc6 51. Rc7 Ne5
52. f4 1-0

[Event "Corus"]
[Site "Wijk aan Zee"]
[Date "2001.01.26"]
[Round "11"]
[White "Anand, Viswanathan"]
[Black "Piket, Jeroen"]
[Result "1-0"]
[WhiteElo "2790"]
[BlackElo "2632"]
[Annotator "Huzman,A"]
[PlyCount "45"]
[EventDate "2001.01.13"]
[EventType "tourn"]
[EventRounds "13"]
[EventCountry "NED"]
[EventCategory "19"]
[SourceTitle "CBM 081"]
[Source "ChessBase"]
[SourceDate "2001.03.20"]
[SourceVersion "1"]
[SourceVersionDate "2001.03.20"]
[SourceQuality "1"]

1. e4 {McShane} e5 2. Nf3 Nf6 3. Nxe5 d6 4. Nf3 Nxe4 5. d4 d5 6. Bd3 Bd6 7. O-O
O-O 8. c4 c6 9. Re1 Re8 10. Nc3 Nxc3 11. bxc3 Bg4 12. Bg5 Rxe1+ 13. Qxe1 Qd7 (
13... Qc8 14. Be7 Bc7 (14... Bxe7 15. Qxe7 h6 16. Ne5 Be6 17. f4 Nd7 18. f5
Nxe5 19. fxe6 Nxd3 20. exf7+ Kh8 21. Rf1 Qf8 22. Qxb7 Rd8 23. Qc7 Ra8 24. Qxc6
Rb8 25. cxd5 Kh7 26. d6 $18 {1-0 Novik,M-Meijers,V/Leningrad 1989/TD (32)}) 15.
Qe3 h6 16. Re1 Bf5 17. Nh4 Bxd3 18. Qxd3 a6 19. Qf3 g6 20. Ba3 Nd7 21. Re7 f5
22. Nxf5 {1-0 Popovic,P-Nikcevic,N/YUG t-ch 1999 (22)}) (13... f6 14. Bd2 Qd7
15. c5 Bc7 16. Qe3 Qe6 17. Qxe6+ Bxe6 18. Re1 Bd7 19. c4 g6 20. h3 Kf7 21. Kf1
Be6 22. Rc1 Nd7 $11 {1/2-1/2 Kovac,M-Srebrnic,M/SLO t-chJ Novo mesto 2000/SLO 
(33)}) 14. c5 (14. Qe3 Qe6 (14... Na6 15. cxd5 cxd5 16. Rb1 $16 {Timman} (16.
Ne5 Bxe5 17. dxe5 Qc6 18. Qd4 Be6 19. Rb1 Nc5 20. Bb5 Qc7 21. Be3 b6 $11 {
1/2-1/2 Kostrov,A-Raetsky,A/Katowice 1993/EXT 98 (43)})) 15. Rb1 b6 16. cxd5
cxd5 17. c4 Qxe3 18. fxe3 Nc6 19. cxd5 Nb4 20. Bc4 Bf5 $44 {1/2-1/2 Huebner,
R-Timman,J/Rotterdam 1988/Inf 46/[Timman,J] (31)}) (14. Ne5 Bxe5 15. Qxe5 (15.
dxe5 Na6 16. cxd5 Nc5 17. Bc2 cxd5 18. Be3 Rc8 19. Qd2 Ne4 20. Bxe4 dxe4 21.
Qxd7 {1/2-1/2 Nordsieck,T-Stolte,A/NRW-I 1990/EXT 97-B (21)}) 15... f6 16. Bxf6
gxf6 17. Qxf6 Na6 18. Re1 Rf8 19. Qh4 Bf5 20. Re7 Qxe7 21. Qxe7 Bxd3 22. cxd5
Bg6 23. h4 $16 {1-0 Ivanov,A-Ippolito,D/Connecticut USA 2000/ (44)}) 14... Bc7
15. Nh4 $1 {[%mdl 4] McShane: 'The advance of the f-pawn is now an option, and
the bishop on g4 can be harassed. The most important factor in Anand's favour
is the amount he must know about this opening having battled it out from both
sides at the very top level. That said, it is odd to think that a player of
Piket's caliber can be made to look weak by anybody, even if it is by Anand.'}
(15. Qe3 Qe6 16. h3 Qxe3 17. fxe3 Be6 18. Bf4 Bxf4 19. exf4 b6 20. Rb1 bxc5 21.
Ng5 Bd7 22. Bxh7+ Kf8 23. Bc2 cxd4 24. cxd4 f6 25. Nh7+ Kf7 26. Rb7 Ke7 27. g4
$36 {1-0 Socko,B-Ippolito,D/World Junior Ch, Calicut IND 1998 (43)}) 15... h6 (
15... f6 16. Bd2 b6 17. Qb1 g6 18. h3 Bxh3 (18... Be6 19. Bxg6 $1 hxg6 20.
Qxg6+ Kh8 (20... Qg7 21. Qe8+ $18) 21. Qxf6+ Kg8 22. Ng6 $18) (18... Bh5 19. g4
g5 20. Ng2 $16) 19. Bxg6 $1 $16) 16. Bd2 Qd8 (16... Na6 17. h3 (17. f4 $5 Re8
18. Qg3 Bd8 (18... Be2 19. Nf5) 19. f5 h5 (19... Bxh4 20. Qxg4 Bf6 21. Bxh6 $16
) 20. Rf1 Be2 21. Bxe2 Rxe2 22. Bg5 $36) 17... Re8 18. Qf1 Qd8 (18... Be6 19.
f4 Bd8 20. Nf3 $16) 19. Re1 Be6 20. Nf5 $36) 17. f4 $1 Bc8 {McShane: 'This is
an unfortunate necessity so as not to stop the knight coming to d7. But by now
White has a big lead in development, and probes for more weaknesses on the
kingside.'} (17... b6 18. f5 Bh5 19. f6 $18) (17... Be6 18. f5 Bd7 19. Nf3 b6
20. g4 $40) 18. Qg3 {'!' McShane. McShane: 'Now Nd7 is prevented, due to Nf5.'}
b6 {'?' McShane. McShane: 'This 'freeing' move only frees d4 for the white
bishop. Instead'} (18... Qf8 {McShane: is safer, though after} 19. Re1 Nd7 {
is still impossible on account of} 20. Nf5 Kh8 (20... Nf6 21. Nxh6+) 21. Re8 $1
) 19. Re1 bxc5 (19... Qf8 20. Bc2 {[%cal Gg3d3]} Bd7 21. Qd3 g6 22. f5 Bd8 (
22... Qd8 23. fxg6 $18) 23. Qg3 Bxh4 24. Qxh4 g5 25. Bxg5 hxg5 26. Qxg5+ Qg7
27. Qd8+ Qf8 28. Qh4 $18 {[%cal Ge1e3,Ge3g3]}) 20. dxc5 Qf8 21. Be3 Na6 22. Bd4
{'!' McShane.} g5 {McShane: 'A desperate reaction, but Re8 was unstoppable
otherwise.'} (22... Nxc5 {McShane} 23. Re8) 23. Qf2 $1 {McShane: 'A calm
retreat unpins and defends c5.'} (23. Qf2 Bxf4 (23... gxh4 24. Qxh4 {McShane:
'and Black can't deal with both Qg3+ and Qf6, with mate to follow.'} Bd8 25.
Qg3+ $18) 24. g3 $18) 1-0